Modelling with generalized stochastic Petri nets / (Record no. 65882)
[ view plain ]
| 000 -LEADER | |
|---|---|
| fixed length control field | 00968nam a2200289 a 4500 |
| 001 - CONTROL NUMBER | |
| control field | 65882 |
| 003 - CONTROL NUMBER IDENTIFIER | |
| rucl marc code | BD-RjUL |
| 005 - DATE AND TIME OF LATEST TRANSACTION | |
| control field | 20211209081458.0 |
| 008 - FIXED-LENGTH DATA ELEMENTS--GENERAL INFORMATION | |
| fixed length control field | 170313s1995 enka b 001 0 eng |
| 020 ## - INTERNATIONAL STANDARD BOOK NUMBER | |
| International Standard Book Number | 0471930598 : |
| Terms of availability | $73.55 |
| 035 ## - SYSTEM CONTROL NUMBER | |
| System control number | MITb10783736 |
| System control number | (BD-RjUL) 66012 |
| 040 ## - CATALOGING SOURCE | |
| Original cataloging agency | DLC |
| Transcribing agency | DLC |
| Modifying agency | C#P |
| -- | UKM |
| -- | BD-RjUL |
| Language of cataloging | eng |
| 041 ## - LANGUAGE CODE | |
| Language code of text/sound track or separate title | eng |
| 082 00 - DEWEY DECIMAL CLASSIFICATION NUMBER | |
| Classification number | 004.36 |
| Edition number | 23 |
| Author mark and year | MOD 1995 |
| 245 00 - TITLE STATEMENT | |
| Title | Modelling with generalized stochastic Petri nets / |
| Statement of responsibility, etc. | M. Ajmone Marsan ... [et al.]. |
| 260 ## - PUBLICATION, DISTRIBUTION, ETC. (IMPRINT) | |
| Place of publication, distribution, etc. | New York : |
| Name of publisher, distributor, etc. | Wiley, |
| Date of publication, distribution, etc. | c1995. |
| 300 ## - PHYSICAL DESCRIPTION | |
| Pagination | xxi, 301 p. : |
| Illustrations | ill. ; |
| Size | 26 cm. |
| 490 1# - SERIES STATEMENT | |
| Series statement | Wiley series in parallel computing |
| 504 ## - BIBLIOGRAPHY, ETC. NOTE | |
| Bibliography, etc | Includes bibliographical references (p. [289]-293) and index. |
| 650 #0 - SUBJECT ADDED ENTRY--TOPICAL TERM | |
| Topical term or geographic name as entry element | Electronic data processing |
| General subdivision | Distributed processing. |
| 9 (RLIN) | 194822 |
| Topical term or geographic name as entry element | Petri nets. |
| 9 (RLIN) | 194823 |
| 700 1# - ADDED ENTRY--PERSONAL NAME | |
| Personal name | Ajmone Marsan, M. |
| 830 #0 - SERIES ADDED ENTRY--UNIFORM TITLE | |
| Uniform title | Wiley series in parallel computing. |
| 942 ## - ADDED ENTRY ELEMENTS (KOHA) | |
| Source of classification or shelving scheme | Dewey Decimal Classification |
| Koha item type | Books |
| 949 ## - LOCAL PROCESSING INFORMATION (OCLC) | |
| a | e |
| p | 39080013405177 |
| Lost status | Source of classification or shelving scheme | Damaged status | Not for loan | Collection code | Permanent Location | Current Location | Shelving location | Date acquired | Source of acquisition | Cost, normal purchase price | Total Checkouts | Full call number | Date last seen | Copy number | Koha item type |
|---|---|---|---|---|---|---|---|---|---|---|---|---|---|---|---|
| Dewey Decimal Classification | Not For Loan | Non-fiction | Central Library, University of Rajshahi | Central Library, University of Rajshahi | Reading Room | 27/04/1098 | Dhaka, Ahsania mission book dis. home. | 3617.62 | 004.36 MOD 1995 | 13/03/2017 | C-1 | Books |